| 000 | 00626nam a2200145Ia 4500 | ||
|---|---|---|---|
| 008 | 151213s9999 xx 000 0 und d | ||
| 100 | _aসিরাজুল ইসলাম ও আবুল হাসানাত। | ||
| 245 |
_aনব্বই এর অভ্যুত্থান। _cসিরাজুল ইসলাম ও আবুল হাসানাত। |
||
| 260 |
_aঢাকা _bমুক্ত ধারা। _c1991 |
||
| 300 | _a8753 p. | ||
| 650 | _aBangla | ||
| 650 | _aইতিহাস। | ||
| 700 | _aসিরাজুল ইসলাম ও আবুল হাসানাত। | ||
| 999 |
_c4538 _d4538 |
||